New Orleans Pelicans All-Time Starting 5 - Statistics

General Stats
  • This quiz has been taken 116 times
  • The average score is 2 of 7
Answer Stats
Position Player % Correct
PF Anthony Davis
99%
PG Chris Paul
90%
C Alonzo Mourning
15%
SF Glen Rice
9%
Coach Byron Scott
8%
6th Man Larry Johnson
6%
SG Dell Curry
3%
No matching quizzes found
Score Distribution
Percent of People with Each Score
Percentile by Number Answered
Your Score History
You have not taken this quiz